000 00587nam a2200205 i 4500
001 189361
003 SpMaBN
005 20260525062939.0
008 190524s1947 ag |||| | spa d
080 _a821.134.2-31"19"
100 1 _aMallea, Eduardo.
_975799
245 1 0 _aCuentos para una inglesa desesperada /
_cEduardo Mallea.
250 _a3ª ed.
260 _aBuenos Aires :
_bEspasa-Calpe,
_c1947.
300 _a141 p. ;
_c18 cm.
490 1 _aColección Austral ;
_v202
830 0 _aColección austral
_v202
_9177655
852 _aES-MaACL
_jL-32360
999 _c189361
_d189361